<?xml version="1.0" encoding="UTF-8"?>
<record
    xmlns:xsi="http://www.w3.org/2001/XMLSchema-instance"
    xsi:schemaLocation="http://www.loc.gov/MARC21/slim http://www.loc.gov/standards/marcxml/schema/MARC21slim.xsd"
    xmlns="http://www.loc.gov/MARC21/slim">

  <leader>00337nas a2200121Ia 4500</leader>
  <controlfield tag="003">OSt</controlfield>
  <controlfield tag="005">20240112141152.0</controlfield>
  <controlfield tag="008">240111c99999999xx ||||||||||||   ||und||</controlfield>
  <datafield tag="040" ind1=" " ind2=" ">
    <subfield code="c">IIAP library</subfield>
  </datafield>
  <datafield tag="245" ind1=" " ind2="0">
    <subfield code="a">Journal of Astrophysics and Astronomy</subfield>
  </datafield>
  <datafield tag="260" ind1=" " ind2=" ">
    <subfield code="b">Indian Academy of Sciences and Astronomical Society of India</subfield>
  </datafield>
  <datafield tag="942" ind1=" " ind2=" ">
    <subfield code="c">BV</subfield>
    <subfield code="2">ddc</subfield>
  </datafield>
  <datafield tag="999" ind1=" " ind2=" ">
    <subfield code="c">36030</subfield>
    <subfield code="d">36030</subfield>
  </datafield>
  <datafield tag="952" ind1=" " ind2=" ">
    <subfield code="0">0</subfield>
    <subfield code="1">0</subfield>
    <subfield code="4">0</subfield>
    <subfield code="7">0</subfield>
    <subfield code="d">2024-01-11</subfield>
    <subfield code="e">Indian Academy of Sciences and Astronomical Society of India</subfield>
    <subfield code="h">27-27(1-4)2006-2006</subfield>
    <subfield code="l">0</subfield>
    <subfield code="p">J21056</subfield>
    <subfield code="r">2024-01-11</subfield>
    <subfield code="w">2024-01-11</subfield>
    <subfield code="y">BV</subfield>
  </datafield>
  <datafield tag="952" ind1=" " ind2=" ">
    <subfield code="0">0</subfield>
    <subfield code="1">0</subfield>
    <subfield code="4">0</subfield>
    <subfield code="7">0</subfield>
    <subfield code="d">2024-01-11</subfield>
    <subfield code="e">Indian Academy of Sciences and Astronomical Society of India</subfield>
    <subfield code="h">18-18(1-4)1997-1997</subfield>
    <subfield code="l">0</subfield>
    <subfield code="p">J19395</subfield>
    <subfield code="r">2024-01-11</subfield>
    <subfield code="w">2024-01-11</subfield>
    <subfield code="y">BV</subfield>
  </datafield>
  <datafield tag="952" ind1=" " ind2=" ">
    <subfield code="0">0</subfield>
    <subfield code="1">0</subfield>
    <subfield code="4">0</subfield>
    <subfield code="7">0</subfield>
    <subfield code="d">2024-01-11</subfield>
    <subfield code="e">Indian Academy of Sciences and Astronomical Society of India</subfield>
    <subfield code="h">19-19(1-4)1998-1998</subfield>
    <subfield code="l">0</subfield>
    <subfield code="p">J19396</subfield>
    <subfield code="r">2024-01-11</subfield>
    <subfield code="w">2024-01-11</subfield>
    <subfield code="y">BV</subfield>
  </datafield>
  <datafield tag="952" ind1=" " ind2=" ">
    <subfield code="0">0</subfield>
    <subfield code="1">0</subfield>
    <subfield code="4">0</subfield>
    <subfield code="7">0</subfield>
    <subfield code="d">2024-01-11</subfield>
    <subfield code="e">Indian Academy of Sciences and Astronomical Society of India</subfield>
    <subfield code="h">20-20(1-4)1999-1999</subfield>
    <subfield code="l">0</subfield>
    <subfield code="p">J19397</subfield>
    <subfield code="r">2024-01-11</subfield>
    <subfield code="w">2024-01-11</subfield>
    <subfield code="y">BV</subfield>
  </datafield>
  <datafield tag="952" ind1=" " ind2=" ">
    <subfield code="0">0</subfield>
    <subfield code="1">0</subfield>
    <subfield code="4">0</subfield>
    <subfield code="7">0</subfield>
    <subfield code="d">2024-01-11</subfield>
    <subfield code="e">Indian Academy of Sciences and Astronomical Society of India</subfield>
    <subfield code="h">21-21(1-4)2000-2000</subfield>
    <subfield code="l">0</subfield>
    <subfield code="p">J19398</subfield>
    <subfield code="r">2024-01-11</subfield>
    <subfield code="w">2024-01-11</subfield>
    <subfield code="y">BV</subfield>
  </datafield>
  <datafield tag="952" ind1=" " ind2=" ">
    <subfield code="0">0</subfield>
    <subfield code="1">0</subfield>
    <subfield code="4">0</subfield>
    <subfield code="7">0</subfield>
    <subfield code="d">2024-01-11</subfield>
    <subfield code="e">Indian Academy of Sciences and Astronomical Society of India</subfield>
    <subfield code="h">22-22(1-4)2001-2001</subfield>
    <subfield code="l">0</subfield>
    <subfield code="p">J21052</subfield>
    <subfield code="r">2024-01-11</subfield>
    <subfield code="w">2024-01-11</subfield>
    <subfield code="y">BV</subfield>
  </datafield>
  <datafield tag="952" ind1=" " ind2=" ">
    <subfield code="0">0</subfield>
    <subfield code="1">0</subfield>
    <subfield code="4">0</subfield>
    <subfield code="7">0</subfield>
    <subfield code="d">2024-01-11</subfield>
    <subfield code="e">Indian Academy of Sciences and Astronomical Society of India</subfield>
    <subfield code="h">23-23(1-4)2002-2002</subfield>
    <subfield code="l">0</subfield>
    <subfield code="p">J21053</subfield>
    <subfield code="r">2024-01-11</subfield>
    <subfield code="w">2024-01-11</subfield>
    <subfield code="y">BV</subfield>
  </datafield>
  <datafield tag="952" ind1=" " ind2=" ">
    <subfield code="0">0</subfield>
    <subfield code="1">0</subfield>
    <subfield code="4">0</subfield>
    <subfield code="7">0</subfield>
    <subfield code="d">2024-01-11</subfield>
    <subfield code="e">Indian Academy of Sciences and Astronomical Society of India</subfield>
    <subfield code="h">24-24(1-4)2003-2003</subfield>
    <subfield code="l">0</subfield>
    <subfield code="p">J21054</subfield>
    <subfield code="r">2024-01-11</subfield>
    <subfield code="w">2024-01-11</subfield>
    <subfield code="y">BV</subfield>
  </datafield>
  <datafield tag="952" ind1=" " ind2=" ">
    <subfield code="0">0</subfield>
    <subfield code="1">0</subfield>
    <subfield code="4">0</subfield>
    <subfield code="7">0</subfield>
    <subfield code="d">2024-01-11</subfield>
    <subfield code="e">Indian Academy of Sciences and Astronomical Society of India</subfield>
    <subfield code="h">25-25(1-4)2004-2004</subfield>
    <subfield code="l">0</subfield>
    <subfield code="p">J21055</subfield>
    <subfield code="r">2024-01-11</subfield>
    <subfield code="w">2024-01-11</subfield>
    <subfield code="y">BV</subfield>
  </datafield>
  <datafield tag="952" ind1=" " ind2=" ">
    <subfield code="0">0</subfield>
    <subfield code="1">0</subfield>
    <subfield code="4">0</subfield>
    <subfield code="7">0</subfield>
    <subfield code="d">2024-01-11</subfield>
    <subfield code="e">Indian Academy of Sciences and Astronomical Society of India</subfield>
    <subfield code="h">26-26(1-4)2005-2005</subfield>
    <subfield code="l">0</subfield>
    <subfield code="p">J20998</subfield>
    <subfield code="r">2024-01-11</subfield>
    <subfield code="w">2024-01-11</subfield>
    <subfield code="y">BV</subfield>
  </datafield>
</record>
